|
|
|
|
| LEADER |
00000nab a2200000 a 4500 |
| 001 |
vtls000763533 |
| 003 |
SK-MaSNL |
| 005 |
20260318122404.0 |
| 008 |
160405c2001 xo 0 hun |
| 015 |
|
|
|a SNBRB2001/07-21851
|
| 035 |
|
|
|a CLN000115320
|
| 040 |
|
|
|a SNKBUCL
|b slo
|c SNKBUCL
|e AACR2
|
| 041 |
0 |
|
|a hun
|
| 044 |
|
|
|a xo
|c SK
|
| 080 |
|
|
|a 801.68:809.451.1
|2 1997
|
| 080 |
|
|
|a 809.451.1-68
|2 1997
|
| 100 |
1 |
|
|a Zalabai, Zsigmond,
|d 1948-2003
|4 aut
|9 110939
|
| 245 |
1 |
0 |
|a Így (b)írunk mi
|b Zalabai Zsigmond glosszáriuma
|n II.
|
| 650 |
0 |
7 |
|a maďarčina
|x štylistika
|x prejavy hovorené
|x prejavy úradné
|2 snkbucl
|9 1572716
|
| 650 |
0 |
7 |
|a prejavy hovorené
|2 snkbucl
|9 1572717
|
| 650 |
0 |
7 |
|a prejavy úradné
|2 snkbucl
|9 1572718
|
| 650 |
0 |
7 |
|a štylistika
|2 snkbucl
|9 870
|
| 655 |
|
7 |
|a články z novín a časopisov
|2 snkbucl
|9 267496
|
| 773 |
0 |
|
|t Vasárnap
|g Roč. 34, č. 26 (2001), s. 15
|
| 850 |
|
|
|a Slovenská národná knižnica v Martine
|
| 852 |
|
|
|a SNK
|b KIS3GCP
|
| 958 |
|
|
|a HU
|
| 958 |
|
|
|a SK
|
| 958 |
|
|
|a RBX
|
| 999 |
|
|
|c 3208539
|d 3210469
|